Digital circuit system using VHDL (Record no. 5468)

MARC details
000 -LEADER
fixed length control field 00549nam a2200169Ia 4500
003 - CONTROL NUMBER IDENTIFIER
control field SGT
020 ## - INTERNATIONAL STANDARD BOOK NUMBER
International Standard Book Number 9789380027036
082 ## - DEWEY DECIMAL CLASSIFICATION NUMBER
Classification number 621.392
Item number GUP
100 ## - MAIN ENTRY--PERSONAL NAME
Personal name Gupta,Shipra
245 ## - TITLE STATEMENT
Title Digital circuit system using VHDL
260 ## - PUBLICATION, DISTRIBUTION, ETC. (IMPRINT)
Name of publisher, distributor, etc S.K. Kataria & SONS
Place of publication, distribution, etc N.Delhi
Year of Publication 2012
300 ## - PAGE DESCRIPTION
No. of Pages 252p.
650 ## - SUBJECT ADDED ENTRY--TOPICAL TERM
Topical term or geographic name as entry element ELECTRONICS ENGINEERING
653 ## - KEYWORDS--INDEX TERM
Keyword term INTRODUCTION TO VHDL, VHDL STATEMENTS, COMBINATIONAL AND SEQUENTIAL CIRCUIT DESIGN, DESIGN OF MICROCOMPUTER AND PROGRAMMABLE DEVICE, VHDL PROGRAM FOR LAB
700 ## - ADDED ENTRY--PERSONAL NAME
Personal name Chaudhary,Neelu
942 ## - ADDED ENTRY ELEMENTS (KOHA)
Source of classification or shelving scheme Dewey Decimal Classification
Koha item type Books
Holdings
Withdrawn status Lost status Source of classification or shelving scheme Damaged status Not for loan Home library Current library Date acquired SGTU Total Checkouts Full call number Accession No. (Barcode) Date last seen Bill Date Koha item type
    Dewey Decimal Classification     SGT Engineering Library SGT Engineering Library 06/11/2012 SGTU   621.392 GUP FE5303 09/02/2015 09/02/2015 Books